[Event "Berlin Lichtenberger op 14th"]
[Site "Berlin"]
[Date "2015.08.23"]
[Round "9"]
[White "Getzuhn, Detlef"]
[Black "Albert, Joerg"]
[Result "0-1"]
[WhiteElo "1889"]
[BlackElo "2201"]
[PlyCount "70"]
[EventDate "2015.08.15"]
[EventType "swiss"]
[EventRounds "9"]
[EventCountry "GER"]
[SourceTitle "EXT 2016"]
[Source "ChessBase"]
[SourceDate "2015.10.08"]
[SourceVersion "1"]
[SourceVersionDate "2015.10.08"]
[SourceQuality "1"]

1. e4 c6 2. d4 d5 3. Nd2 dxe4 4. Nxe4 Bf5 5. Ng3 Bg6 6. Nf3 Nd7 7. Bd3 Ngf6 8. 0-0 e6 9. Re1 Be7 10. Bg5 Qc7 11. a4 Bxd3 12. Qxd3 h6 13. Bxf6 Nxf6 14. Ne4 0-0 15. c3 Rfd8 16. Nxf6+ Bxf6 17. Qe4 Rd5 18. Re2 Rad8 19. Rae1 Qb6 20. g3 Qb3 21. Qc2 Qxc2 22. Rxc2 c5 23. dxc5 Rxc5 24. Rd2 Rxd2 25. Nxd2 Ra5 26. Re4 Rd5 27. Nc4 Rd1+ 28. Kg2 Rb1 29. Re2 Ra1 30. Nd6 b6 31. Re4 Ra2 32. Rc4 Rxb2 33. Ne4 Ra2 34. Kf3 Be5 35. h4 f5 0-1

[Event "Berlin Lichtenberger op 13th"]
[Site "Berlin"]
[Date "2014.08.23"]
[Round "8"]
[White "Getzuhn, Detlef"]
[Black "Dathe, Frederick"]
[Result "1-0"]
[WhiteElo "1896"]
[BlackElo "1594"]
[PlyCount "57"]
[EventDate "2014.08.16"]
[EventType "swiss"]
[EventRounds "9"]
[EventCountry "GER"]
[SourceTitle "CBM 161 Extra"]
[Source "ChessBase"]
[SourceDate "2014.08.29"]
[SourceVersion "1"]
[SourceVersionDate "2014.08.29"]
[SourceQuality "1"]

1. e4 c5 2. Nf3 a6 3. d4 cxd4 4. Nxd4 e5 5. Nf5 d5 6. f3 Nf6 7. Ng3 Bc5 8. exd5 Nxd5 9. c4 Bb4+ 10. Bd2 Ne3 11. Qb3 Bxd2+ 12. Nxd2 Nxf1 13. Rxf1 0-0 14. 0-0-0 Qc7 15. Kb1 Be6 16. Qe3 Bxc4 17. Rc1 Bxa2+ 18. Kxa2 Nc6 19. Qc5 Rac8 20. Nde4 Rfd8 21. Rfd1 a5 22. Kb1 Rd7 23. Rxd7 Qxd7 24. Nh5 Qf5 25. Nhg3 Qd7 26. Qd6 Rd8 27. Qxd7 Rxd7 28. Nc5 Rc7 29. Nxb7 1-0

[Event "Berlin Lichtenberger op 13th"]
[Site "Berlin"]
[Date "2014.08.16"]
[Round "1"]
[White "Kurayan, Ruslan"]
[Black "Getzuhn, Detlef"]
[Result "1-0"]
[WhiteElo "2398"]
[BlackElo "1896"]
[PlyCount "63"]
[EventDate "2014.08.16"]
[EventType "swiss"]
[EventRounds "9"]
[EventCountry "GER"]
[SourceTitle "CBM 161 Extra"]
[Source "ChessBase"]
[SourceDate "2014.08.29"]
[SourceVersion "1"]
[SourceVersionDate "2014.08.29"]
[SourceQuality "1"]

1. e4 e6 2. d3 d5 3. Nd2 c5 4. Ngf3 Nc6 5. g3 Nf6 6. Bg2 Be7 7. 0-0 0-0 8. Re1 Bd7 9. e5 Ne8 10. Nf1 f6 11. exf6 Bxf6 12. Ne3 a6 13. Ng4 Ra7 14. Nfe5 Nxe5 15. Nxe5 Bxe5 16. Rxe5 b6 17. Bg5 Qc8 18. Qe2 h6 19. Bf4 Rf6 20. Re1 Nc7 21. Bh3 Rb7 22. Rh5 Rg6 23. c4 Ra7 24. Be5 Rb7 25. f4 Ra7 26. Bxc7 Rxc7 27. Re5 Rc6 28. Bg2 Rd6 29. cxd5 exd5 30. Bxd5+ Kf8 31. Rf5+ Bxf5 32. Qe7# 1-0

[Event "Berlin Lichtenberger op 11th"]
[Site "Berlin"]
[Date "2012.08.26"]
[Round "9"]
[White "Getzuhn, Detlef"]
[Black "Schneider, Eckehard"]
[Result "1/2-1/2"]
[WhiteElo "1904"]
[BlackElo "1795"]
[PlyCount "46"]
[EventDate "2012.08.18"]
[EventType "swiss"]
[EventRounds "9"]
[EventCountry "GER"]
[SourceTitle "CBM 150 Extra"]
[Source "ChessBase"]
[SourceDate "2012.10.19"]
[SourceVersion "1"]
[SourceVersionDate "2012.10.19"]
[SourceQuality "1"]

1. e4 e6 2. d4 d5 3. exd5 exd5 4. Bd3 Bd6 5. h3 h6 6. Nf3 Nf6 7. 0-0 0-0 8. Ne5 Nc6 9. Nxc6 bxc6 10. c4 c5 11. cxd5 cxd4 12. Bb5 Bb7 13. Qxd4 Bxd5 14. Nc3 Bb7 15. Rd1 Qe7 16. Qe3 Qe5 17. Qxe5 Bxe5 18. Be3 a6 19. Bc4 Rfd8 20. Rac1 Rab8 21. Ba7 Ra8 22. Be3 Rab8 23. Ba7 Ra8 1/2-1/2

[Event "Berlin Lichtenberger op 10th"]
[Site "Berlin"]
[Date "2011.08.19"]
[Round "7"]
[White "Gremm, Albert Juergen"]
[Black "Getzuhn, Detlef"]
[Result "1-0"]
[WhiteElo "1906"]
[BlackElo "1931"]
[PlyCount "61"]
[EventDate "2011.08.13"]
[EventType "swiss"]
[EventRounds "9"]
[EventCountry "GER"]
[SourceTitle "CBM 143 Extra"]
[Source "ChessBase"]
[SourceDate "2011.08.29"]
[SourceVersion "1"]
[SourceVersionDate "2011.08.29"]
[SourceQuality "1"]

1. c4 g6 2. Nc3 Bg7 3. e4 c5 4. d3 Nc6 5. f4 d6 6. Nf3 f5 7. Be2 e6 8. 0-0 Nge7 9. Be3 b6 10. Qe1 0-0 11. h4 d5 12. cxd5 exd5 13. exd5 Nb4 14. d4 cxd4 15. Bxd4 Nc2 16. Qd2 Bxd4+ 17. Nxd4 Nxa1 18. Rxa1 a6 19. a4 Rf6 20. Bc4 Kg7 21. Re1 Ra7 22. Qe3 Rc7 23. Ba2 Rd6 24. Qe5+ Kh6 25. g4 fxg4 26. Qg5+ Kg7 27. Ne4 Rxd5 28. Qf6+ Kh6 29. Bxd5 Rd7 30. Qg5+ Kg7 31. Ne6+ 1-0

[Event "Berlin Lichtenberger op 9th"]
[Site "Berlin"]
[Date "2010.08.15"]
[Round "9"]
[White "Getzuhn, Detlef"]
[Black "Sabrowski, Uwe"]
[Result "0-1"]
[WhiteElo "1934"]
[BlackElo "2080"]
[PlyCount "46"]
[EventDate "2010.08.07"]
[EventType "swiss"]
[EventRounds "9"]
[EventCountry "GER"]
[SourceTitle "CBM 137 Extra"]
[Source "ChessBase"]
[SourceDate "2010.09.01"]
[SourceVersion "1"]
[SourceVersionDate "2010.09.01"]
[SourceQuality "1"]

1. e4 c5 2. Nf3 Nc6 3. c4 e6 4. Nc3 Nf6 5. Be2 d5 6. exd5 exd5 7. d4 Be6 8. Bg5 Be7 9. dxc5 d4 10. Bxf6 Bxf6 11. Ne4 Be7 12. Qd2 b6 13. Nd6+ Kf8 14. Nxd4 Nxd4 15. Qxd4 bxc5 16. Qe4 Bxd6 17. 0-0-0 Qg5+ 18. Rd2 Rd8 19. g3 Bxg3 20. hxg3 Qxd2+ 21. Kb1 g6 22. Qe5 Bf5+ 23. Ka1 Qd4 0-1

[Event "Berlin Lichtenberger op 9th"]
[Site "Berlin"]
[Date "2010.08.14"]
[Round "8"]
[White "Heuser, Philip"]
[Black "Getzuhn, Detlef"]
[Result "1/2-1/2"]
[WhiteElo "2108"]
[BlackElo "1934"]
[PlyCount "68"]
[EventDate "2010.08.07"]
[EventType "swiss"]
[EventRounds "9"]
[EventCountry "GER"]
[SourceTitle "CBM 137 Extra"]
[Source "ChessBase"]
[SourceDate "2010.09.01"]
[SourceVersion "1"]
[SourceVersionDate "2010.09.01"]
[SourceQuality "1"]

1. d4 Nf6 2. c4 e6 3. Nc3 c5 4. Nf3 d5 5. cxd5 Nxd5 6. e4 cxd4 7. Nxd5 exd5 8. Qxd4 Nc6 9. Qxd5 Qxd5 10. exd5 Nb4 11. Bb5+ Bd7 12. Bxd7+ Kxd7 13. Ne5+ Ke7 14. 0-0 f6 15. Nc4 Nxd5 16. Rd1 Ke6 17. Re1+ Kf7 18. Rd1 Ke6 19. Ne3 Nb6 20. a4 a5 21. Bd2 Bd6 22. b3 Rhd8 23. Kf1 h5 24. Rac1 Rd7 25. Ke2 Bf4 26. Rc5 Bxe3 27. Bxe3 Rxd1 28. Kxd1 Nd5 29. Ke2 Kd6 30. Rc2 Re8 31. Rd2 Kc6 32. Rc2+ Kd6 33. Rd2 Kc6 34. Rc2+ Kd6 1/2-1/2

[Event "Hamburg St Pauli op-A"]
[Site "Hamburg"]
[Date "2010.07.17"]
[Round "8"]
[White "Nixdorf, Andre"]
[Black "Getzuhn, Detlef"]
[Result "1-0"]
[WhiteElo "2057"]
[BlackElo "1934"]
[PlyCount "53"]
[EventDate "2010.07.10"]
[EventType "swiss"]
[EventRounds "9"]
[EventCountry "GER"]
[SourceTitle "EXT 2013"]
[Source "ChessBase"]
[SourceDate "2012.11.22"]
[SourceVersion "1"]
[SourceVersionDate "2012.11.22"]
[SourceQuality "1"]

1. e4 c5 2. Nf3 Nc6 3. d4 cxd4 4. Nxd4 g6 5. Nc3 Bg7 6. Be3 d6 7. Qd2 Nf6 8. f3 0-0 9. Bc4 a6 10. 0-0-0 Na5 11. Bb3 Nxb3+ 12. Nxb3 b5 13. Bh6 Qc7 14. h4 Be6 15. Nd4 Rfc8 16. Bxg7 Kxg7 17. Nxe6+ fxe6 18. g4 b4 19. Ne2 e5 20. h5 Kf7 21. Kb1 a5 22. Rc1 Qb6 23. Ng3 a4 24. g5 Nd7 25. hxg6+ Kxg6 26. Rh6+ Kg7 27. Nf5+ 1-0

[Event "Hamburg St Pauli op-A"]
[Site "Hamburg"]
[Date "2010.07.14"]
[Round "6"]
[White "Brandl, Lea Maria"]
[Black "Getzuhn, Detlef"]
[Result "0-1"]
[WhiteElo "1587"]
[BlackElo "1934"]
[PlyCount "58"]
[EventDate "2010.07.10"]
[EventType "swiss"]
[EventRounds "9"]
[EventCountry "GER"]
[SourceTitle "EXT 2013"]
[Source "ChessBase"]
[SourceDate "2012.11.22"]
[SourceVersion "1"]
[SourceVersionDate "2012.11.22"]
[SourceQuality "1"]

1. d4 d5 2. c4 e6 3. Nc3 a6 4. Nf3 dxc4 5. e3 b5 6. a4 b4 7. Na2 Qd5 8. Bd2 a5 9. Be2 Nf6 10. 0-0 Nbd7 11. Qc1 Ba6 12. Rd1 Ra7 13. Be1 Nb6 14. Nd2 c3 15. Bxa6 cxd2 16. Bxd2 Rxa6 17. Qxc7 Bd6 18. Qc1 0-0 19. Be1 Rc8 20. Qd2 Qh5 21. h3 Nc4 22. Qc1 Rac6 23. Qb1 Qe2 24. b3 Na3 25. Qd3 Qxd3 26. Rxd3 Nc2 27. Rc1 Nxe1 28. Rxe1 Rc2 29. Ra1 Rxa2 0-1

[Event "Berlin Lichtenberger op 8th"]
[Site "Berlin"]
[Date "2009.08.22"]
[Round "8"]
[White "Prix, Siegfried"]
[Black "Getzuhn, Detlef"]
[Result "1/2-1/2"]
[WhiteElo "1803"]
[BlackElo "1957"]
[PlyCount "119"]
[EventDate "2009.08.15"]
[EventType "swiss"]
[EventRounds "9"]
[EventCountry "GER"]
[SourceTitle "CBM 131 Extra"]
[Source "ChessBase"]
[SourceDate "2009.09.03"]
[SourceVersion "2"]
[SourceVersionDate "2009.09.16"]
[SourceQuality "1"]

1. e4 c5 2. c4 Nc6 3. Nf3 g6 4. d4 cxd4 5. Nxd4 Bg7 6. Be3 Nf6 7. Nc3 Ng4 8. Nxc6 Nxe3 9. Nxd8 Nxd1 10. Rxd1 Kxd8 11. Be2 Bxc3+ 12. bxc3 b6 13. f4 Bb7 14. Bf3 Rc8 15. Rd4 Rc5 16. Kd2 Kc7 17. Kc2 d6 18. Rhd1 f5 19. g3 Rf8 20. Bh1 Bc6 21. R1d2 Rc8 22. Bg2 Kb8 23. exf5 Bxg2 24. Rxg2 gxf5 25. Kd3 R8c7 26. Re2 Kc8 27. Re6 b5 28. cxb5 Rxc3+ 29. Ke2 Rc2+ 30. Rd2 Kd7 31. Rh6 R7c4 32. Rxh7 Rxd2+ 33. Kxd2 Ra4 34. h4 Rxa2+ 35. Kc3 Ra3+ 36. Kb4 Rxg3 37. h5 Rg4 38. Ka5 Rxf4 39. h6 d5 40. Ka6 Ra4+ 41. Kb7 d4 42. Rg7 d3 43. Rg3 Rd4 44. h7 d2 45. h8Q d1Q 46. Qc8+ Kd6 47. Qxf5 Qh1+ 48. Kxa7 Qe1 49. Rg6+ e6 50. Qf8+ Kd5 51. Qd8+ Kc4 52. Qb6 Rd7+ 53. Kb8 Qe5+ 54. Kc8 Rd6 55. Qc7+ Kb3 56. Rg8 Qd4 57. Rd8 Rxd8+ 58. Qxd8 Qc5+ 59. Kd7 Qxb5+ 60. Kxe6 1/2-1/2

[Event "Berlin Lichtenberger op 8th"]
[Site "Berlin"]
[Date "2009.08.20"]
[Round "6"]
[White "Boeck, Moacir Luis"]
[Black "Getzuhn, Detlef"]
[Result "1-0"]
[WhiteElo "1655"]
[BlackElo "1957"]
[PlyCount "137"]
[EventDate "2009.08.15"]
[EventType "swiss"]
[EventRounds "9"]
[EventCountry "GER"]
[SourceTitle "CBM 131 Extra"]
[Source "ChessBase"]
[SourceDate "2009.09.03"]
[SourceVersion "2"]
[SourceVersionDate "2009.09.16"]
[SourceQuality "1"]

1. e4 c5 2. Nf3 g6 3. d4 cxd4 4. Nxd4 Bg7 5. c3 Nc6 6. Be3 Nf6 7. Nxc6 bxc6 8. Nd2 0-0 9. Bd3 d5 10. 0-0 e5 11. Bc5 Re8 12. exd5 cxd5 13. Bb5 Bd7 14. Qa4 a6 15. Bc6 Bxc6 16. Qxc6 Re6 17. Qa4 Qc7 18. Be3 Rb8 19. Nb3 Qc4 20. Qxc4 dxc4 21. Nc5 Rc6 22. Na4 Ng4 23. Bc5 Rb5 24. h3 Nh6 25. Ba3 Bf8 26. Bxf8 Kxf8 27. Rfd1 Ke7 28. Rd2 Rd6 29. Rad1 Rxd2 30. Rxd2 Nf5 31. Kf1 Nd6 32. Ke1 f5 33. Kd1 Ne4 34. Re2 Kd6 35. f3 Nf6 36. Kc2 Nh5 37. b3 cxb3+ 38. axb3 Nf4 39. Rf2 Kc6 40. c4 Rb7 41. Nc3 Ne6 42. Ne2 Kc5 43. Kc3 a5 44. Rf1 Nd4 45. Nxd4 exd4+ 46. Kc2 Re7 47. Ra1 Re2+ 48. Kd3 Re3+ 49. Kc2 Kb6 50. Rd1 a4 51. bxa4 Rc3+ 52. Kb2 Rxc4 53. Kb3 Kc5 54. a5 Rc3+ 55. Kb2 Kc4 56. Rc1 Kb4 57. Rxc3 dxc3+ 58. Kc2 Kxa5 59. Kxc3 Kb5 60. Kd4 Kc6 61. Ke5 Kd7 62. Kf6 Kd6 63. g4 fxg4 64. fxg4 Kd5 65. Kg7 Ke5 66. Kxh7 Kf6 67. h4 g5 68. h5 Kf7 69. h6 1-0

[Event "Berlin Lichtenberger op 7th"]
[Site "Berlin"]
[Date "2008.08.24"]
[Round "9"]
[White "Getzuhn, Detlef"]
[Black "Dietzel, Uwe"]
[Result "1/2-1/2"]
[WhiteElo "1979"]
[BlackElo "1532"]
[PlyCount "45"]
[EventDate "2008.08.16"]
[EventType "swiss"]
[EventRounds "9"]
[EventCountry "GER"]
[SourceTitle "CBM 126 Extra"]
[Source "ChessBase"]
[SourceDate "2008.11.05"]
[SourceVersion "1"]
[SourceVersionDate "2008.11.05"]
[SourceQuality "1"]

1. e4 Nf6 2. Nc3 e5 3. f4 d6 4. Bc4 Nc6 5. Nf3 Be7 6. d4 exd4 7. Nxd4 Nxd4 8. Qxd4 Be6 9. 0-0 Bxc4 10. Qxc4 0-0 11. Bd2 c6 12. h3 d5 13. exd5 Nxd5 14. Nxd5 Qxd5 15. Qxd5 cxd5 16. Be3 Rfc8 17. c3 Bc5 18. Rf3 Bxe3+ 19. Rxe3 Rc4 20. g3 Re4 21. Rae1 Rae8 22. Kf2 f5 23. Kf3 1/2-1/2

[Event "Berlin Lichtenberger op 7th"]
[Site "Berlin"]
[Date "2008.08.23"]
[Round "8"]
[White "Sawlin, Leonid"]
[Black "Getzuhn, Detlef"]
[Result "1-0"]
[WhiteElo "1872"]
[BlackElo "1979"]
[PlyCount "45"]
[EventDate "2008.08.16"]
[EventType "swiss"]
[EventRounds "9"]
[EventCountry "GER"]
[SourceTitle "CBM 126 Extra"]
[Source "ChessBase"]
[SourceDate "2008.11.05"]
[SourceVersion "1"]
[SourceVersionDate "2008.11.05"]
[SourceQuality "1"]

1. e4 d5 2. exd5 Nf6 3. c4 c6 4. dxc6 Nxc6 5. Nc3 e5 6. d3 Bf5 7. a3 Qd7 8. b4 0-0-0 9. Be3 Nd4 10. g3 e4 11. dxe4 Nxe4 12. Nd5 Nxf2 13. Kxf2 Nc2 14. Bxa7 Qe6 15. Ra2 Rxd5 16. cxd5 Qf6 17. Nf3 b6 18. Ba6+ Kd8 19. Rxc2 g5 20. Rc6 Qb2+ 21. Qe2 Qxa3 22. Bxb6+ Kd7 23. Bc8# 1-0

[Event "Berlin Lichtenberger op 7th"]
[Site "Berlin"]
[Date "2008.08.20"]
[Round "5"]
[White "Getzuhn, Detlef"]
[Black "Graudons, Karsten"]
[Result "1/2-1/2"]
[WhiteElo "1979"]
[BlackElo "1999"]
[PlyCount "161"]
[EventDate "2008.08.16"]
[EventType "swiss"]
[EventRounds "9"]
[EventCountry "GER"]
[SourceTitle "CBM 126 Extra"]
[Source "ChessBase"]
[SourceDate "2008.11.05"]
[SourceVersion "1"]
[SourceVersionDate "2008.11.05"]
[SourceQuality "1"]

1. e4 d6 2. d4 Nf6 3. Nc3 g6 4. Bc4 Bg7 5. Nge2 0-0 6. f3 a6 7. a4 Nbd7 8. Be3 c5 9. 0-0 Qc7 10. Ba2 b6 11. Qd2 Bb7 12. Nd1 b5 13. b3 Rfc8 14. c3 cxd4 15. cxd4 Qc2 16. Rc1 Qxd2 17. Bxd2 Rxc1 18. Bxc1 Rc8 19. axb5 axb5 20. b4 Ne8 21. Be3 Rc2 22. Ndc3 e6 23. Rb1 d5 24. Bb3 Rxe2 25. Nxe2 dxe4 26. Kf2 Nd6 27. Nc3 exf3 28. gxf3 Nb8 29. Bc2 Nc6 30. Ne2 f5 31. Bb3 Kf7 32. Ba2 h6 33. d5 Ne5 34. dxe6+ Ke7 35. Bc5 Nxf3 36. Nf4 Bd4+ 37. Bxd4 Nxd4 38. Nxg6+ Kf6 39. Nf4 Nc2 40. Nd5+ Ke5 41. Nc7 Bc6 42. Rb2 Nd4 43. Kf1 Kf6 44. Rd2 Ke5 45. e7 Ne8 46. Na6 Nd6 47. Nb8 Be8 48. Kg2 f4 49. Na6 Bc6+ 50. Kf1 N4f5 51. Re2+ Ne3+ 52. Ke1 Kf6 53. Nc5 Ndf5 54. Ne6 f3 55. Rb2 Kxe7 56. Nf4 Ng4 57. Nh3 Nfe3 58. Bg8 Ng2+ 59. Kf1 Nxh2+ 60. Kg1 Ng4 61. Bh7 Nf6 62. Bd3 Ke6 63. Bf1 Ke5 64. Bxg2 fxg2 65. Re2+ Kd6 66. Nf4 Nd5 67. Rd2 Ke5 68. Nxg2 Nxb4 69. Re2+ Kd4 70. Re6 Bxg2 71. Kxg2 h5 72. Kf3 Nd5 73. Re4+ Kd3 74. Re5 Nc3 75. Rxh5 b4 76. Rh2 b3 77. Rb2 Kc4 78. Kf4 Na4 79. Rb1 b2 80. Ke3 Kc3 81. Rxb2 1/2-1/2

[Event "Berlin Lichtenberger op 7th"]
[Site "Berlin"]
[Date "2008.08.18"]
[Round "3"]
[White "Getzuhn, Detlef"]
[Black "Exler, Veronika"]
[Result "0-1"]
[WhiteElo "1979"]
[BlackElo "2011"]
[PlyCount "80"]
[EventDate "2008.08.16"]
[EventType "swiss"]
[EventRounds "9"]
[EventCountry "GER"]
[SourceTitle "CBM 126 Extra"]
[Source "ChessBase"]
[SourceDate "2008.11.05"]
[SourceVersion "1"]
[SourceVersionDate "2008.11.05"]
[SourceQuality "1"]

1. e4 c6 2. d4 d5 3. Nc3 dxe4 4. Nxe4 Nd7 5. Bc4 Ngf6 6. Ng5 e6 7. c3 h6 8. N5f3 Qc7 9. Ne2 Bd6 10. 0-0 b6 11. Bd3 Bb7 12. Bd2 c5 13. Ng3 0-0 14. Rc1 Rac8 15. Qe2 Bf4 16. Rfd1 Bxd2 17. Nxd2 cxd4 18. cxd4 Qd6 19. Rxc8 Rxc8 20. Nde4 Nxe4 21. Nxe4 Qd5 22. f3 Qxd4+ 23. Nf2 Qe5 24. Qd2 Nf6 25. Bb1 Qc5 26. b4 Qe7 27. a3 Bd5 28. Qe3 Qc7 29. Ne4 Bxe4 30. fxe4 Qe5 31. Qd3 g6 32. Qa6 Rc7 33. h3 Kg7 34. Kh1 Nxe4 35. Kg1 Nc3 36. Rf1 Ne2+ 37. Kf2 Nc3 38. Qd3 Nxb1 39. Rxb1 Rc3 40. Qd2 Qf5+ 0-1

[Event "Berlin Lichtenberger op 7th"]
[Site "Berlin"]
[Date "2008.08.16"]
[Round "1"]
[White "Getzuhn, Detlef"]
[Black "Wendt, Jan Dietrich"]
[Result "0-1"]
[WhiteElo "1979"]
[BlackElo "2372"]
[PlyCount "80"]
[EventDate "2008.08.16"]
[EventType "swiss"]
[EventRounds "9"]
[EventCountry "GER"]
[SourceTitle "CBM 126 Extra"]
[Source "ChessBase"]
[SourceDate "2008.11.05"]
[SourceVersion "1"]
[SourceVersionDate "2008.11.05"]
[SourceQuality "1"]

1. e4 c5 2. Nf3 Nc6 3. Bc4 e6 4. Nc3 Nf6 5. e5 d5 6. exf6 dxc4 7. fxg7 Bxg7 8. Qe2 Nd4 9. Nxd4 cxd4 10. Ne4 d3 11. cxd3 cxd3 12. Qh5 Qd4 13. f3 0-0 14. Qc5 Qxc5 15. Nxc5 Rd8 16. Rb1 b6 17. Ne4 Bb7 18. 0-0 Bd4+ 19. Kh1 Bxe4 20. fxe4 Rac8 21. b3 Rc2 22. a4 Rdc8 23. g3 f6 24. Kg2 Kf7 25. Kf3 Kg6 26. h3 h5 27. Re1 R8c5 28. g4 Rc8 29. Rf1 Rh8 30. Kf4 hxg4 31. Kxg4 Rc5 32. h4 Rch5 33. Rh1 Rg5+ 34. Kf3 Rgh5 35. Kg4 Re5 36. Kf3 f5 37. exf5+ Kxf5 38. Ba3 Re2 39. Rhf1 Rg8 40. Rbd1 e5 0-1

[Event "Berlin Lichtenberger op 6th"]
[Site "Berlin"]
[Date "2007.??.??"]
[Round "?"]
[White "Grassi, Fabrizio"]
[Black "Getzuhn, Detlef"]
[Result "1-0"]
[WhiteElo "1838"]
[BlackElo "1998"]
[PlyCount "55"]
[EventDate "2007.08.18"]
[EventType "swiss"]
[EventRounds "9"]
[EventCountry "GER"]
[SourceTitle "CBM 120 Extra"]
[Source "ChessBase"]
[SourceDate "2007.11.01"]
[SourceVersion "1"]
[SourceVersionDate "2007.11.01"]
[SourceQuality "1"]

1. d4 Nf6 2. Nf3 d5 3. Bf4 Bf5 4. e3 e6 5. c3 Bd6 6. Bxd6 Qxd6 7. Nbd2 0-0 8. Ne5 Nbd7 9. g4 Nxe5 10. dxe5 Qxe5 11. gxf5 Qxf5 12. Rg1 Qh5 13. Be2 Qxh2 14. Nf3 Qd6 15. Qd4 Qb6 16. Qxf6 g6 17. 0-0-0 c5 18. Ng5 Qd8 19. Nxh7 Qxf6 20. Nxf6+ Kg7 21. Nd7 Rfc8 22. c4 Rc7 23. cxd5 Rxd7 24. dxe6 Rxd1+ 25. Rxd1 fxe6 26. Rd7+ Kf6 27. Rxb7 a5 28. Rb5 1-0

[Event "Berlin op 08"]
[Site "Berlin"]
[Date "2006.08.25"]
[Round "7"]
[White "Welz, Peter"]
[Black "Getzuhn, Detlef"]
[Result "1-0"]
[WhiteElo "2136"]
[BlackElo "1922"]
[PlyCount "23"]
[EventDate "2006.08.19"]
[EventType "swiss"]
[EventRounds "9"]
[EventCountry "GER"]
[SourceTitle "EXT 2007"]
[Source "ChessBase"]
[SourceDate "2006.11.23"]
[SourceVersion "1"]
[SourceVersionDate "2006.11.23"]
[SourceQuality "1"]

1. e4 d5 2. exd5 Nf6 3. Bb5+ Bd7 4. Bc4 Bg4 5. f3 Bh5 6. Nc3 a6 7. a4 Nbd7 8. a5 b6 9. axb6 Nxb6 10. Bxa6 Nfd7 11. Nge2 g5 12. Nd4 1-0

[Event "Berlin Lichtenberger Sommer 3th"]
[Site "Berlin"]
[Date "2004.08.23"]
[Round "9.27"]
[White "Getzuhn, Detlef"]
[Black "Lueders, Gerhard"]
[Result "0-1"]
[WhiteElo "1902"]
[BlackElo "2172"]
[PlyCount "54"]
[EventDate "2004.08.14"]
[EventType "swiss"]
[EventRounds "9"]
[EventCountry "GER"]
[SourceTitle "EXT 2022"]
[Source "ChessBase"]
[SourceDate "2021.10.06"]
[SourceVersion "1"]
[SourceVersionDate "2021.10.06"]
[SourceQuality "1"]

1. e4 c5 2. Nf3 d6 3. c3 Nf6 4. d3 Nc6 5. Be2 g6 6. 0-0 Bg7 7. Bf4 e5 8. Bd2 0-0 9. Na3 h6 10. Ne1 d5 11. f3 Be6 12. Nac2 g5 13. Qc1 Kh7 14. b4 cxb4 15. Nxb4 Rc8 16. Nxc6 Rxc6 17. Nc2 Qc8 18. a4 Rd8 19. Rd1 Rc7 20. Na3 Rcd7 21. Qb2 Bf8 22. g3 dxe4 23. dxe4 Bxa3 24. Rxa3 Qc5+ 25. Kg2 Rxd2 26. Rxd2 Rxd2 27. Qxd2 Qxa3 0-1

[Event "Berlin Lichtenberger Sommer 3th"]
[Site "Berlin"]
[Date "2004.08.21"]
[Round "7.24"]
[White "Getzuhn, Detlef"]
[Black "Brameyer, Hermann"]
[Result "1-0"]
[WhiteElo "1902"]
[BlackElo "2204"]
[PlyCount "43"]
[EventDate "2004.08.14"]
[EventType "swiss"]
[EventRounds "9"]
[EventCountry "GER"]
[SourceTitle "EXT 2022"]
[Source "ChessBase"]
[SourceDate "2021.10.06"]
[SourceVersion "1"]
[SourceVersionDate "2021.10.06"]
[SourceQuality "1"]

1. e4 c5 2. Nf3 Nc6 3. d4 cxd4 4. Nxd4 Nf6 5. Nc3 e5 6. Nf3 Bb4 7. Bd3 d5 8. exd5 Qxd5 9. 0-0 Bxc3 10. bxc3 0-0 11. Bg5 e4 12. Bxf6 exd3 13. Bh4 Bf5 14. cxd3 Bxd3 15. Re1 Rfe8 16. Qb3 Be4 17. c4 Qh5 18. Rxe4 Rxe4 19. Qxb7 Rae8 20. Qxc6 Qxh4 21. Qxe8+ Rxe8 22. Nxh4 1-0